000 00350nam a2200133Ia 4500
008 150202s9999 xx 000 0 und d
020 _a671415042
050 _aFIC
_bFIC
100 _aMartin, William.
245 _aBack bay /
_cWilliam Martin.
260 _aNew York :
_bPocket Books,
_c1979.
300 _a535 pages :
_c18 cm.
650 _aFiction.
999 _c282236
_d282236